An epistle from the Meeting for Sufferings, held in Philadelphia for Pennsylvania and New-Jersey : the 5th day of the first month 1775; to our Friends and brethren in these and the adjacent provinces.

Bibliographic Details
Corporate Author: Philadelphia Yearly Meeting of the Religious Society of Friends. Meeting for Sufferings
Format: eBook
Language:English
Published: [Philadelphia] : [publisher not identified], [1775]
Series:Early American imprints. Evans (1639-1800) ; no. 14049.
Subjects:
Online Access:Evans Digital Edition

MARC

Tag First Indicator Second Indicator Subfields
LEADER 00000cam a2200000 a 4500
001 in00002139921
006 m e d #
007 cr mn mmmmabba
008 810922s1775 pau s 000 0 eng d
005 20260331155323.2
035 |z w031923 
035 |a MAAR8109222902B 
035 |9 mwa91-33259 
035 |a 326637 
035 |a aas03031923 
040 |a MWA  |c MWA  |e bdrb  |d UtOrBLW 
110 2 |a Philadelphia Yearly Meeting of the Religious Society of Friends.  |b Meeting for Sufferings. 
245 1 3 |a An epistle from the Meeting for Sufferings, held in Philadelphia for Pennsylvania and New-Jersey :  |b the 5th day of the first month 1775; to our Friends and brethren in these and the adjacent provinces. 
264 1 |a [Philadelphia] :  |b [publisher not identified],  |c [1775] 
300 |a 3 pages, 1 unnumbered page ;  |c 34 cm. (folio) 
336 |a text  |b txt  |2 rdacontent 
337 |a computer  |b c  |2 rdamedia 
338 |a online resource  |b cr  |2 rdacarrier 
500 |a Opposing participation in the Revolutionary War. 
500 |a Caption title. 
510 4 |a Evans  |c 14049 
510 4 |a Hildeburn, C.R. Pennsylvania,  |c 3201 
530 |a Microform version available in the Readex Early American Imprints series. 
533 |a Electronic text and image data.  |b [Chester, Vt. :  |c Readex, a division of Newsbank, Inc.,  |d 2002-2004.  |e Includes files in TIFF, GIF and PDF formats with inclusion of keyword searchable text.  |f (Early American imprints. First series ; no. 14049). 
500 |a Electronic resource. 
650 0 |a Conscientious objectors. 
650 0 |a Pacifism. 
651 0 |a United States  |x History  |y Revolution, 1775-1783  |x Religious aspects. 
752 |a United States  |b Pennsylvania  |d Philadelphia. 
830 0 |a Early American imprints.  |n Series I,  |p Evans (1639-1800) ;  |v no. 14049. 
856 4 1 |u http://proxy.library.tamu.edu/login?url=https://opac.newsbank.com/select/evans/14049  |y Evans Digital Edition  |t 0 
999 |a MARS 
999 f f |s d0589d17-5fa5-3620-98c3-4a2d5fe5e92c  |i b303c64b-2b05-3161-ba2d-ffe7b4574064  |t 0 
952 f f |a Texas A&M University  |b College Station  |c Electronic Resources  |s www_evans  |d Available Online  |t 0  |h No information provided 
998 f f |t 0  |l Available Online